000 01160cpcaa2200277 a 4500
001 mm 79005566
003 DLC
005 20260227111651.0
008 791217|||||||||||| eng
010 _amm 79005566
040 _aDLC
_cDLC
_edacs
_dDLC
072 7 _aL
_2lcmd
100 1 _aSpeyer, Leonora,
_d1872-1956.
245 0 0 _aLeonora Speyer papers,
_f1917-1941.
300 _a21
_fitems.
506 0 _aOpen to research.
520 8 _aNineteen poems (1917-1941) composed and handcopied by Speyer, printed version of her poem, "The Saint Gaudens Statue" (1921), and ALS (no year July 3) written by Speyer relating to the selection of the poems.
545 0 _aPoet and author. Born Leonora von Stosch; married Edgar Speyer.
546 _aCollection material in English.
580 _aForms part of: Miscellaneous Manuscripts collection.
650 0 _aAmerican poetry
_y20th century.
656 7 _aAuthors.
_2itoamc
656 7 _aPoets.
_2itoamc
999 _c41926
_d41926